000
00235nam a22000977a 4500
008
170125b xxu||||| |||| 00| 0 eng d
041
_a
eng
080
_2
5TH
_a
618.2
245
_a
PROFESSIONAL NURSING PRACTICE
_c
BLAIS, K.K
942
_2
udc
_c
BK
999
_c
3582
_d
3582